| 000 | 00793nam a22002777a 4500 | ||
|---|---|---|---|
| 001 | 200461926 | ||
| 003 | TR-AnTOB | ||
| 005 | 20240719133516.0 | ||
| 008 | 240719b tu ||||| |||| 00| 0 tur d | ||
| 020 | _a9789756747900 | ||
| 040 |
_aTR-AnTOB _beng _erda _cTR-AnTOB |
||
| 041 | _atur | ||
| 092 |
_a813.42 _bCUM 2022 |
||
| 100 | 1 |
_aCumalı, Necati, _d1921-2001 _eAuthor _912424 |
|
| 245 |
_aUç minik serçem / _c Necati Cumalı |
||
| 250 | _a32.bs. | ||
| 260 |
_aİstanbul : _bCumhuriyet Kitapları ; _c2022. |
||
| 300 |
_a126 Pages. : _bill. ; _c19 cm. |
||
| 336 |
_atext _btxt _2rdacontent |
||
| 337 |
_aunmediated _bn _2rdamedia |
||
| 338 |
_avolume _bnc _2rdacarrier |
||
| 653 | _aTürk Edebiyatı | ||
| 942 |
_2ddc _cBK |
||
| 999 |
_c200461926 _d80138 |
||